Исследование диоксогетероциклов методом рентгеноструктурного анализа (Запись № 9840862)
[ простой вид ]
| 000 -МАРКЕР | |
|---|---|
| контрольное поле | 02589nam0a2200385 i 4500 |
| 001 - ИДЕНТИФИКАТОР ЗАПИСИ | |
| контрольное поле | RU\NLR\BIBL_A\010008564 |
| 005 - ИДЕНТИФИКАТОР ВЕРСИИ | |
| контрольное поле | 20260517063439.0 |
| 010 ## - МЕЖДУНАРОДНЫЙ СТАНДАРТНЫЙ НОМЕР КНИГИ (ISBN) | |
| Номер (ISBN) | 9785794418644 |
| Тираж | 100 |
| 021 ## - НОМЕР ГОСУДАРСТВЕННОЙ РЕГИСТРАЦИИ | |
| Код страны | Российская Федерация |
| Номер | 2013-84708 |
| Номер Листа государственной регистраци | 5863 |
| 035 ## - ДРУГИЕ СИСТЕМНЫЕ НОМЕРА | |
| Идентификатор записи | (NILC)LIBNET\0000378150 |
| 035 ## - ДРУГИЕ СИСТЕМНЫЕ НОМЕРА | |
| Идентификатор записи | (NLR Aleph) 010008564 |
| 100 ## - ДАННЫЕ ОБЩЕЙ ОБРАБОТКИ | |
| Данные общей обработки | 20131128d2012 k y0rusy50 ca |
| 101 0# - ЯЗЫК РЕСУРСА | |
| Язык текста, звукозаписи и т.д. | русский |
| 102 ## - СТРАНА ПУБЛИКАЦИИ ИЛИ ПРОИЗВОДСТВА | |
| Страна публикации | Российская Федерация |
| 105 ## - ПОЛЕ КОДИРОВАННЫХ ДАННЫХ: ТЕКСТОВЫЕ МАТЕРИАЛЫ, МОНОГРАФИЧЕСКИЕ | |
| Кодированные данные о монографическом текстовом документе | a|||7||||01yy |
| 200 1# - ЗАГЛАВИЕ И СВЕДЕНИЯ ОБ ОТВЕТСТВЕННОСТИ | |
| Основное заглавие | Исследование диоксогетероциклов методом рентгеноструктурного анализа |
| Сведения, относящиеся к заглавию | монография |
| Первые сведения об ответственности | З.Г. Алиев, А.Н. Масливец, И.В. Машевская, П.С. Силайчев |
| Последующие сведения об ответственности | М-во образования и науки Рос. Федерации, Федер. гос. бюджет. образоват. учреждение высш. проф. образования "Перм. гос. нац. исслед. ун-т", [Хим. фак.] |
| 210 ## - ПУБЛИКАЦИЯ, РАСПРОСТРАНЕНИЕ И ДР. | |
| Место издания, распространения и т.д. | Пермь |
| Имя издателя, распространителя и т. д. | Редакционно-издательский отдел Пермского государственного национального исследовательского университета |
| Дата издания, распространения и т.д. | 2012 |
| 215 ## - ФИЗИЧЕСКАЯ ХАРАКТЕРИСТИКА | |
| Специфическое обозначение материала и объем | 129 с. |
| Другие сведения о физической характеристике | ил. |
| Размеры | 20 |
| 300 ## - ОБЩИЕ ПРИМЕЧАНИЯ | |
| Текст примечания | На 4-й с. обл. 1-3-й авт.: к.ф.-м.н. З.Г. Алиев, д.х.н., проф. А.Н. Масливец, д.х.н., проф. И.В. Машевская, к.х.н. |
| 320 ## - ПРИМЕЧАНИЯ О НАЛИЧИИ В ДОКУМЕНТЕ БИБЛИОГРАФИИ / УКАЗАТЕЛЯ | |
| Текст примечания | Библиогр. в конце ст. |
| 606 1# - НАИМЕНОВАНИЕ ТЕМЫ КАК ПРЕДМЕТ | |
| Наименование темы | Гетероциклические соединения пятичленные |
| Тематический подзаголовок | Рентгеноструктурный анализ |
| Системный номер авторитетной/нормативной записи | 2207849 |
| Идентификатор авторитетной/нормативной записи | RU\NLR\AUTH\6601560669 |
| 686 ## - ИНДЕКСЫ ДРУГИХ КЛАССИФИКАЦИЙ | |
| Индекс | 24.236.2 |
| Издание | LBC/RL |
| Код системы | |
| 686 1# - ИНДЕКСЫ ДРУГИХ КЛАССИФИКАЦИЙ | |
| Индекс | Г26-11 |
| 701 #1 - ИМЯ ЛИЦА - АЛЬТЕРНАТИВНАЯ ОТВЕТСТВЕННОСТЬ | |
| Начальный элемент ввода | Алиев |
| Часть имени, кроме начального элемента ввода | З.Г. |
| Расширение инициалов личного имени | Зайнутдин Гасанович |
| 701 #1 - ИМЯ ЛИЦА - АЛЬТЕРНАТИВНАЯ ОТВЕТСТВЕННОСТЬ | |
| Начальный элемент ввода | Масливец |
| Часть имени, кроме начального элемента ввода | А. Н. |
| Дополнения к именам, кроме дат | д-р хим. наук |
| Расширение инициалов личного имени | Андрей Николаевич |
| Системный номер авторитетной/нормативной записи | 167297 |
| Идентификатор авторитетной/нормативной записи | RU\NLR\AUTH\770167344 |
| 701 #1 - ИМЯ ЛИЦА - АЛЬТЕРНАТИВНАЯ ОТВЕТСТВЕННОСТЬ | |
| Начальный элемент ввода | Машевская |
| Часть имени, кроме начального элемента ввода | И. В. |
| Дополнения к именам, кроме дат | д-р хим. наук |
| Даты | 1965- |
| Расширение инициалов личного имени | Ирина Владимировна |
| Системный номер авторитетной/нормативной записи | 167304 |
| Идентификатор авторитетной/нормативной записи | RU\NLR\AUTH\770167351 |
| 701 #1 - ИМЯ ЛИЦА - АЛЬТЕРНАТИВНАЯ ОТВЕТСТВЕННОСТЬ | |
| Начальный элемент ввода | Силайчев |
| Часть имени, кроме начального элемента ввода | П. С. |
| Дополнения к именам, кроме дат | канд. хим. наук |
| Расширение инициалов личного имени | Павел Сергеевич |
| Системный номер авторитетной/нормативной записи | 167309 |
| Идентификатор авторитетной/нормативной записи | RU\NLR\AUTH\770167356 |
| 712 02 - НАИМЕНОВАНИЕ ОРГАНИЗАЦИИ - ВТОРИЧНАЯ ОТВЕТСТВЕННОСТЬ | |
| Начальный элемент ввода | Пермский государственный национальный исследовательский университет |
| Идентификатор авторитетной/нормативной записи | RU\NLR\AUTH\8810198282 |
| Системный номер авторитетной/нормативной записи | 285379 |
| 801 #0 - ИСТОЧНИК ЗАПИСИ | |
| Страна | Российская Федерация |
| Организация | Пермская ГОУБ |
| Дата составления | 20131007 |
| Правила каталогизации | rcr |
| 801 #1 - ИСТОЧНИК ЗАПИСИ | |
| Страна | Российская Федерация |
| Организация | Пермская ГОУБ |
| Дата составления | 20131007 |
| Правила каталогизации | rcr |
| Источник данных | rusmarc |
| 942 ## - ДОПОЛНИТЕЛЬНЫЕ ЭЛЕМЕНТЫ ЗАПИСИ (АБИС) | |
| Тип экземпляра АБИС | Книга |
| 980 ## - КОЛЛЕКЦИЯ | |
| Название коллекции | НБР |
Нет доступных экземпляров.